Australian Prime Minsters - Statistics

General Stats
  • This quiz has been taken 274 times
    173 since last reset
  • The average score is 22 of 36
Answer Stats
Term Answer % Correct
2010-2013 Julia Gillard
95%
2013-2015 Tony Abbott
92%
2018- Scott Morrison
91%
2013 Kevin Rudd
89%
2007-2010 Kevin Rudd
89%
2015-2018 Malcolm Turnbull
89%
1996-2007 John Howard
81%
1983-1991 Bob Hawke
76%
1991-1996 Paul Keating
76%
1901-1903 Edmund Barton
68%
1966-1967 Harold Holt
68%
1975-1983 Malcolm Fraser
68%
1949-1966 Robert Menzies
66%
1939-1941 Robert Menzies
66%
1972-1975 Gough Whitlam
65%
1909-1910 Alfred Deakin
62%
1905-1908 Alfred Deakin
62%
1903-1904 Alfred Deakin
62%
1941-1945 John Curtin
56%
1971-1972 William McMahon
54%
1914-1915 Andrew Fisher
49%
1910-1913 Andrew Fisher
49%
1908-1909 Andrew Fisher
49%
1915-1923 Billy Hughes
49%
1945-1949 Ben Chifley
45%
1913-1914 Joseph Cook
45%
1932-1939 Joseph Lyons
45%
1904 Chris Watson
44%
1968-1971 John Gorton
44%
1945 Frank Forde
42%
1939 Earle Page
41%
1929-1932 James Scullin
41%
1967-1968 John McEwen
40%
1923-1929 Stanley Bruce
39%
1941 Arthur Fadden
36%
1904-1905 George Reid
36%
No matching quizzes found
Score Distribution
Percent of People with Each Score
Percentile by Number Answered
Your Score History
You have not taken this quiz since the last reset